Σημαίες των Χωρών που Συνορεύουν με τη Γαλλία - Statistics

General Stats
  • This quiz has been taken 16 times
  • The average score is 8 of 10
Answer Stats
Picture Answer % Correct
Ελβετία
100%
Γερμανία
100%
Βέλγιο
93%
Ιταλία
87%
Ισπανία
87%
Βραζιλία
80%
Μονακό
60%
Λουξεμβούργο
60%
Σουρινάμ
47%
Ανδόρρα
40%
No matching quizzes found
Score Distribution
Percent of People with Each Score
Percentile by Number Answered
Your Score History
You have not taken this quiz